00821cam a22002174a 4500082002800000100002200028245025300050250001200303260004800315300002900363526003700392650002400429650001400453650002100467650000800488650001400496700002300510700002400533700002700557700001900584 a620.11bMOOcL-21, P-621 aMoore, Herbert F.10aTextbook of the materials of engineering /c[by] Herbert F. Moore, Mark B. Moore ; with a chapter on cohesion, stress, and strain by Jasper O. Draffin, a chapter on concrete by Harrison F. Gonnerman, and a chapter on plastics by William N. Findley. a8th ed. aNew York ;aToronto :bMcGraw-Hill ;c1953. a372 p. :bill. ;c24 cm. a0b0c0d620_110000000000000_MOO 0aBuilding materials. 0aConcrete. 0aCrystallography. 0aMCE 0aPlastics.1 aDraffin, Jasper O.1 aFindley, William N.1 aGonnerman, Harrison F.1 aMoore, Mark B.